| 000 | 00719nam a22001457a 4500 | ||
|---|---|---|---|
| 003 | OSt | ||
| 005 | 20150929112721.0 | ||
| 008 | 150929b xxu||||| |||| 00| 0 eng d | ||
| 040 | _cRUA | ||
| 082 | _aAGR BB PRO 20120 B061 Or.1 | ||
| 245 | _aTo understand of organic fertilizer on green mastard at crop in anlongvil commune, sangke district, battambang province, (ស្វែងយល់ការប្រើប្រាស់ជីសរីរាង្គលើដំណាំស្ពៃខៀវ ក្នុងឃុំអន្លង់វិលស្រុកសង្កែ ខេត្តបាត់ដំបង) | ||
| 260 |
_aphnom penh _bRUA _c2010 |
||
| 300 |
_ax, 47p. _bill. _c29cm. |
||
| 942 |
_2ddc _cAGRBB |
||
| 999 |
_c1468 _d1468 |
||